000 00441nam a2200169Ia 4500
003 GCL
008 140319s9999 xx 000 0 eng d
040 _aGCL /
_cGCL
082 0 4 _a620.1
_bI G
100 1 _aL EITCH, R.R
245 1 0 _aGRAIN BOUNDARY CONTROLLED: PROPERTIES OF FINE CERAMICS /
_cL EITCH, R.R
260 _a[S.N] :
_bACADEMY EDITIONS ،
_c1992
300 _a312 P
650 0 4 _aCERAMICS
650 0 4 _aARTS
942 _2ddc
_cBK
999 _c17207
_d17207